000 00287nam a22001337a 4500
008 171013b xxu||||| |||| 00| 0 eng d
020 _a9780131707979
041 _aeng
080 _23RD
_a316
100 _a51
101 _aSOC
245 _aCRIMINOLOGY
_cBARKAN,S.E
942 _2udc
_cBK
999 _c33673
_d33673